Biggest Political Parties in the World - Statistics

General Stats
  • This quiz has been taken 27 times
  • The average score is 6 of 20
Answer Stats
Membership Country of Origin Answer % Correct
44,100,000 United States Democratic Party
100%
37,400,000 United States Republican Party
100%
100,270,000 China Chinese Communist Party
81%
140,000,000 India Bharatiya Janata Party
37%
26,000,000 India Indian National Congress
30%
11,135,306 Türkiye Justice and Development Party
30%
6,500,000 North Korea Workers' Party of Korea
30%
5,300,000 Vietnam Communist Party of Vietnam
26%
7,632,606 Venezuela United Socialist Party of Venezuela
26%
4,053,466 South Korea Democratic Party of Korea
19%
11,000,000 Ethiopia Prosperity Party
19%
6,000,000 Cambodia Cambodian People's Party
15%
10,050,000 India Aam Aadmi Party
11%
10,000,000 Pakistan Pakistan Tehreek-e-Insaf
11%
3,900,000 Zimbabwe Zimbabwe African National Union – Patriotic Front
11%
20,044,400 India All India Anna Dravida Munnetra Kazhagam
7%
20,000,000 India Dravida Munnetra Kazhagam
7%
12,000,000 Tanzania Chama Cha Mapinduzi
0%
15,000,000 India Tamilaga Vettri Kazhagam
0%
6,500,000 India Telugu Desam Party
0%
No matching quizzes found
Score Distribution
Percent of People with Each Score
Percentile by Number Answered
Your Score History
You have not taken this quiz